| 000 | 02006cam a22002174a 4500 | ||
|---|---|---|---|
| 005 | 20250605164112.0 | ||
| 008 | 250528s ||||||||||||||||||||||||d | ||
| 035 | _a17952 | ||
| 020 | _a6818547 | ||
| 040 |
_aGR-AtMCL _bgre _dGR-AtMCL _eAACR2 |
||
| 245 | 1 | _aManagement and the Computer in Information and Control Systems | |
| 260 |
_bMcgraw Hill Book Company, _c1969 |
||
| 300 | _a306 | ||
| 505 | 0 | _aPreface, Introduction, The''What'', The ''What'' of Management control, Control Functions, Management Control Systems, Management Control Systems, The ''How'', Basic Definitions and Stages of System Design, Applied Control Theory, Management System Elements or Building Blocks, The Concept of Mathematical Models, Dynamic Analysis and Simulation of Management Control Functions, Tools and Models, Applications, Marketing Management Information and Control System, An Inventory Control Process, Management Information and Control System for Process and Plant, A Management Information and Control System for Flat-rolled Steel Products, Conclusions and a Look at the Future, Conclusions and Forecast, A Selected Bibliography, Index. | |
| 520 | _aPreface, Introduction, The''What'', The ''What'' of Management control, Control Functions, Management Control Systems, Management Control Systems, The ''How'', Basic Definitions and Stages of System Design, Applied Control Theory, Management System Elements or Building Blocks, The Concept of Mathematical Models, Dynamic Analysis and Simulation of Management Control Functions, Tools and Models, Applications, Marketing Management Information and Control System, An Inventory Control Process, Management Information and Control System for Process and Plant, A Management Information and Control System for Flat-rolled Steel Products, Conclusions and a Look at the Future, Conclusions and Forecast, A Selected Bibliography, Index. | ||
| 700 | 1 |
_aHodge Bartow _94247 |
|
| 700 | 1 |
_aHodgson Robert N _94248 |
|
| 942 | _cBK | ||
| 999 |
_c3346 _d3346 |
||